[Event "Rouen op 9th"]
[Site "Rouen"]
[Date "2016.12.20"]
[Round "6"]
[White "Bordais, Benjamin"]
[Black "Cardon, Guillaume"]
[Result "1-0"]
[WhiteElo "2119"]
[BlackElo "1735"]
[PlyCount "131"]
[EventDate "2016.12.17"]
[EventType "swiss"]
[EventRounds "7"]
[EventCountry "FRA"]
[SourceTitle "CBM 176 Extra"]
[Source "ChessBase"]
[SourceDate "2017.03.02"]
[SourceVersion "1"]
[SourceVersionDate "2017.03.02"]
[SourceQuality "1"]

1. e4 c5 2. Nf3 e6 3. d4 cxd4 4. Nxd4 a6 5. Be2 b5 6. 0-0 Bb7 7. Bf3 d6 8. a4 bxa4 9. c3 Nd7 10. Qxa4 Ngf6 11. Re1 Be7 12. e5 Nd5 13. Nf5 0-0 14. Nxd6 Bxd6 15. exd6 N5b6 16. Qf4 e5 17. Qg3 Bxf3 18. Qxf3 f5 19. Qe2 Qc8 20. Bg5 f4 21. Nd2 Nd5 22. Qc4 Qxc4 23. Nxc4 Rfe8 24. Ra5 Rac8 25. Rxd5 Rxc4 26. f3 Rb8 27. Rd2 h6 28. Bh4 Kf7 29. Bf2 g5 30. Ra1 Rc6 31. Kf1 Ke6 32. Ke2 Ra8 33. Ra5 Rxd6 34. Rxd6+ Kxd6 35. Kd3 Ke6 36. b4 Rd8 37. Rxa6+ Kf5 38. Rd6 g4 39. b5 g3 40. hxg3 fxg3 41. Be3 h5 42. b6 e4+ 43. fxe4+ Ke5 44. Rd5+ Ke6 45. Bf4 h4 46. Ke2 Rf8 47. b7 Rxf4 48. Rxd7 Rf8 49. Rh7 Rf2+ 50. Ke3 Rb2 51. Rxh4 Rxb7 52. Rg4 Rc7 53. Kf4 Rxc3 54. Rxg3 Rc1 55. Rf3 Rc8 56. g4 Rf8+ 57. Ke3 Rg8 58. Rg3 Ke5 59. g5 Ra8 60. g6 Ra3+ 61. Kf2 Rxg3 62. Kxg3 Kf6 63. Kf4 Kxg6 64. Ke5 Kf7 65. Kd6 Ke8 66. Ke6 1-0

[Event "Rouen op 9th"]
[Site "Rouen"]
[Date "2016.12.18"]
[Round "2"]
[White "Daniel, Antoine"]
[Black "Cardon, Guillaume"]
[Result "1-0"]
[WhiteElo "1983"]
[BlackElo "1735"]
[PlyCount "63"]
[EventDate "2016.12.17"]
[EventType "swiss"]
[EventRounds "7"]
[EventCountry "FRA"]
[SourceTitle "CBM 176 Extra"]
[Source "ChessBase"]
[SourceDate "2017.03.02"]
[SourceVersion "1"]
[SourceVersionDate "2017.03.02"]
[SourceQuality "1"]

1. e4 c5 2. Nf3 e6 3. d4 cxd4 4. Nxd4 a6 5. Be2 b5 6. 0-0 Bb7 7. a4 b4 8. Nd2 Nf6 9. e5 Nd5 10. N2b3 d6 11. f4 Nd7 12. f5 Nxe5 13. fxe6 f6 14. Nf5 Nc7 15. e7 Bxe7 16. Nxg7+ Kf7 17. Nf5 Ne6 18. Bh5+ Ng6 19. Re1 Re8 20. Nh6+ Kg7 21. Rxe6 Qb6+ 22. Qd4 Qxd4+ 23. Nxd4 Bf8 24. Nhf5+ Kh8 25. Bd2 Rxe6 26. Nxe6 Be4 27. Nfd4 Be7 28. Bxg6 Bxg6 29. Bxb4 Rb8 30. Bc3 d5 31. Nc6 Bc5+ 32. Nxc5 1-0